| 000 | 00613nam a22001933a 4500 | ||
|---|---|---|---|
| 005 | 20230623063552.0 | ||
| 008 | 010531s1997 mx fr 000 0 spa d | ||
| 020 | _a968165434X | ||
| 035 | _aUPN01000116450 | ||
| 049 | _aI | ||
| 050 | 4 |
_aPZ74.9 _bL4.4 |
|
| 100 | 1 |
_aLeñero Elu, María del Carmen, _d1959- _943304 |
|
| 245 | 1 | 0 |
_aLucas afuera, Lucas adentro / _cCarmen Leñero ; il. de Mauricio Gómez Morín. |
| 260 |
_aMéxico : _bFCE, _c1997. |
||
| 300 |
_a40 p. : _bil. |
||
| 440 | 0 |
_aA la orilla del viento. _pPara los que leen bien ; _v95 |
|
| 650 | 4 |
_aCuentos infantiles mexicanos _97723 |
|
| 905 | _aInfantil | ||
| 999 |
_c89187 _d89187 |
||